<?xml version="1.0" encoding="UTF-8"?>
<record
    xmlns:xsi="http://www.w3.org/2001/XMLSchema-instance"
    xsi:schemaLocation="http://www.loc.gov/MARC21/slim http://www.loc.gov/standards/marcxml/schema/MARC21slim.xsd"
    xmlns="http://www.loc.gov/MARC21/slim">

  <leader>00638nam a22002417a 4500</leader>
  <controlfield tag="003">UA-OsUOA</controlfield>
  <controlfield tag="001"> 36376 </controlfield>
  <controlfield tag="007">ta</controlfield>
  <controlfield tag="008">20060123b un ||||| |||| 00| 0 ukr d</controlfield>
  <datafield tag="100" ind1=" " ind2=" ">
    <subfield code="a">&#x421;&#x430;&#x440;&#x442;&#x440; &#x416;&#x430;&#x43D;-&#x41F;&#x43E;&#x43B;&#x44C;</subfield>
  </datafield>
  <datafield tag="090" ind1=" " ind2=" ">
    <subfield code="a">141</subfield>
    <subfield code="b">&#x421;20</subfield>
  </datafield>
  <datafield tag="942" ind1=" " ind2=" ">
    <subfield code="c">BK</subfield>
  </datafield>
  <datafield tag="040" ind1=" " ind2=" ">
    <subfield code="a">UA-OsUOA</subfield>
    <subfield code="b">ukr</subfield>
    <subfield code="c">UA-OsUOA</subfield>
    <subfield code="d">UA-OsUOA</subfield>
  </datafield>
  <datafield tag="245" ind1=" " ind2=" ">
    <subfield code="a">&#x411;&#x443;&#x442;&#x442;&#x44F; &#x456; &#x43D;&#x456;&#x449;&#x43E;</subfield>
    <subfield code="b">&#x41D;&#x430;&#x440;&#x438;&#x441; &#x444;&#x435;&#x43D;&#x43E;&#x43C;&#x435;&#x43D;&#x43E;&#x43B;&#x43E;&#x433;&#x456;&#x447;&#x43D;&#x43E;&#x457; &#x43E;&#x43D;&#x442;&#x43E;&#x43B;&#x43E;&#x433;&#x456;&#x457;</subfield>
  </datafield>
  <datafield tag="300" ind1=" " ind2=" ">
    <subfield code="a">854 &#x441;.</subfield>
  </datafield>
  <datafield tag="955" ind1=" " ind2=" ">
    <subfield code="a">2</subfield>
  </datafield>
  <datafield tag="041" ind1=" " ind2=" ">
    <subfield code="a">ukr</subfield>
  </datafield>
  <datafield tag="080" ind1=" " ind2=" ">
    <subfield code="a">141</subfield>
  </datafield>
  <datafield tag="020" ind1=" " ind2=" ">
    <subfield code="a">966-500-137-&#x425;</subfield>
  </datafield>
  <datafield tag="260" ind1=" " ind2=" ">
    <subfield code="a">&#x41A;.</subfield>
    <subfield code="b">&#x41E;&#x441;&#x43D;&#x43E;&#x432;&#x430;</subfield>
    <subfield code="c">2001</subfield>
  </datafield>
  <datafield tag="650" ind1=" " ind2="7">
    <subfield code="a">1 &#x424;&#x456;&#x43B;&#x43E;&#x441;&#x43E;&#x444;&#x441;&#x44C;&#x43A;&#x456; &#x43D;&#x430;&#x443;&#x43A;&#x438;</subfield>
    <subfield code="2">UDC</subfield>
  </datafield>
  <datafield tag="999" ind1=" " ind2=" ">
    <subfield code="c">322613</subfield>
    <subfield code="d">322613</subfield>
  </datafield>
  <datafield tag="952" ind1=" " ind2=" ">
    <subfield code="0">0</subfield>
    <subfield code="1">0</subfield>
    <subfield code="2">udc</subfield>
    <subfield code="4">0</subfield>
    <subfield code="7">0</subfield>
    <subfield code="a">102</subfield>
    <subfield code="b">102</subfield>
    <subfield code="d">2006-01-23</subfield>
    <subfield code="e">7/2006</subfield>
    <subfield code="g">43.40</subfield>
    <subfield code="i">94219</subfield>
    <subfield code="l">0</subfield>
    <subfield code="o">141 &#x421;20</subfield>
    <subfield code="p">94219</subfield>
    <subfield code="r">2022-02-09 00:00:00</subfield>
    <subfield code="w">2006-01-23</subfield>
    <subfield code="y">BK</subfield>
  </datafield>
</record>
